000 00561nam a2200217Ia 4500
003 OSt
005 20220928140430.0
006 a|||||r|||| 00| 0
007 ta
008 220927b |||||||| |||| 00| 0 eng d
024 _a8324
037 _cTextual
040 _aSDCL
_cSDCL
_beng
041 _2eng
_aeng
082 _aO-,2N192,1, K0
100 _aSimpson N F
_9495145
245 0 _aOne way pendulum
_b A farce in a new dimension.
260 _c1960
942 _hO-,2N192,1, K0
_cTEXL
_2CC
999 _c811266
_d811266